Wates wins out as industry scrabbles for commercial work (Record no. 82318)

MARC details
000 -LEADER
fixed length control field 00853cam a22001935a 4500
001 - CONTROL NUMBER
control field L149909
008 - FIXED-LENGTH DATA ELEMENTS--GENERAL INFORMATION
fixed length control field 100517e2010 xxk 000 0 eng d
035 ## - SYSTEM CONTROL NUMBER
System control number (Sirsi) u149909
041 0# - LANGUAGE CODE
Language code of text/sound track or separate title eng
100 1# - MAIN ENTRY--PERSONAL NAME
Personal name Glackin, Michael
245 00 - TITLE STATEMENT
Title Wates wins out as industry scrabbles for commercial work
Remainder of title business barometer
-- less than 10% of firm's income came from commercial sector in April
260 ## - PUBLICATION, DISTRIBUTION, ETC.
Date of publication, distribution, etc. 2010
490 ## - SERIES STATEMENT
Series statement Building
Volume/sequential designation 275(19) 14 May 2010, 16-17(2)
520 ## - SUMMARY, ETC.
Summary, etc. Includes the following league tables
Expansion of summary note top contractors including and excluding civils April 2010, yearly work won May 2009-April 2010, top architects May 2009-April 2010, top clients/promoters May 2009-April 2010, and top quantity surveyors May 2009-April 2010.
590 ## - LOCAL NOTE (RLIN)
Local note KA
651 #4 - SUBJECT ADDED ENTRY--GEOGRAPHIC NAME
Geographic name United Kingdom
Chronological subdivision
690 ## - LOCAL SUBJECT ADDED ENTRY--TOPICAL TERM (OCLC, RLIN)
Topical term or geographic name as entry element BUILT ENVIRONMENT-CONSTRUCTION MARKET
942 ## - ADDED ENTRY ELEMENTS (KOHA)
Suppress in OPAC 0
Holdings
Withdrawn status Lost status Source of classification or shelving scheme Damaged status Not for loan Home library Current library Shelving location Date acquired Total Checkouts Full call number Barcode Date last seen Copy number Price effective from Koha item type
    Dewey Decimal Classification     London London Journal article 17/05/2010   L149909 149909-1001 06/08/2019 1 06/08/2019 Journal article